000 00541nam a2200181 a 4500
001 000014688
005 20200929163903.0
008 100118s1999 pr 000 j spa d
040 _aDO-SdBNP
_bspa
_cBNPHU
082 _aCu863.44
_bM722o
100 1 _aMolina, Antonio J.,
_933292
245 1 0 _aOperación 42,000 :
_bcuento policiaco /
_cAntonio J. Molina.
260 _aPuerto Rico :
_bRamallo Bros,
_c1999.
300 _a36 p. ;
_c22 cm.
650 4 _aCuentos cubamos
_933293
650 4 _aLiteratura cubana
_ySIGLO XX
_99186
049 _aBNGR
999 _c14271
_d14271